<?xml version="1.0" encoding="UTF-8"?>
<marc:record xmlns:marc="http://www.loc.gov/MARC21/slim">
   <marc:leader>00000nam a2200000 a 4500</marc:leader>
   <marc:datafield ind1="1" ind2=" " tag="100">
      <marc:subfield code="a">Oomen, Francine</marc:subfield>
      <marc:subfield code="4">aut</marc:subfield>
      <marc:subfield code="e">Verfasser/-in</marc:subfield>
   </marc:datafield>
   <marc:datafield ind1="0" ind2="0" tag="245">
      <marc:subfield code="a">Wie überlebe ich ohne meine Freunde?</marc:subfield>
   </marc:datafield>
   <marc:datafield ind1="0" ind2="0" tag="245">
      <marc:subfield code="b">; Wie überlebe ich ohne meine Freunde ?</marc:subfield>
   </marc:datafield>
   <marc:datafield ind1=" " ind2="1" tag="264">
      <marc:subfield code="b">Ravensburger</marc:subfield>
      <marc:subfield code="c">2010</marc:subfield>
   </marc:datafield>
   <marc:datafield ind1="1" ind2=" " tag="490">
      <marc:subfield code="a">Wie überlebe ich ohne meine Freunde?</marc:subfield>
   </marc:datafield>
   <marc:datafield ind1="1" ind2=" " tag="520">
      <marc:subfield code="a">Hallo, mein Name ist Rosa und ich bin schon gefühlte neunhundertvierundfünfzig Mal umgezogen. Ich weiß todsicher, dass ich beim Anblick des nächsten Umzugskartons ins Koma fallen werde. Doch meine Mutter schreckt das offensichtlich gar nicht. Sie hat soeben seelenruhig unser schönes Haus verkauft! Und mein Freund Nose? Geht mit einem Mädchen namens Julia nach Rotterdam studieren, statt zu mir nach Amsterdam zu ziehen. Ich bin reif für die Sommerferien! Mit vielen Survival-Tipps von Liebesexpertin Rosa</marc:subfield>
   </marc:datafield>
   <marc:datafield ind1="3" ind2=" " tag="024">
      <marc:subfield code="a">9783473353170</marc:subfield>
   </marc:datafield>
</marc:record>
